Estatísticas para Lista de países onde o português é língua oficial

Clique aqui para jogar o quiz

Estatísticas Gerais

  • Esse quiz foi jogado 44 vezes
  • A pontuação média é 8 de 9

Estatísticas das Respostas

Países% Correto
Angola
100%
Brasil
100%
Portugal
98%
Moçambique
95%
Timor-Leste
90%
Cabo Verde
85%
Guiné-Bissau
75%
São Tomé e Príncipe
68%
Guiné Equatorial
60%

Distribuição das Pontuações

Percentil de Números Respondidos

Porcentagem de Pessoas com Cada Pontuação

Sua Pontuação Histórica

Você não jogou esse quiz